| 000 | 01394cam a22003974a 4500 | ||
|---|---|---|---|
| 001 | 16838971 | ||
| 003 | Nust- CAS-E | ||
| 005 | 20180118181354.0 | ||
| 008 | 110622s2012 gaua bf 001 0 eng | ||
| 010 | _a 2011021960 | ||
| 016 | 7 |
_a015816989 _2Uk |
|
| 020 | _a0881736716 | ||
| 020 | _a9780881736717 | ||
| 020 | _z0881736724 | ||
| 020 | _z9780881736724 | ||
| 020 | _a9781439883488 (alk. paper) | ||
| 020 | _a1439883483 | ||
| 035 | _a(OCoLC)ocn732847895 | ||
| 040 |
_aDLC _cDLC _dYDX _dYDXCP _dUKMGB _dDLC |
||
| 042 | _apcc | ||
| 050 | 0 | 0 |
_aTJ163.3 _b.C37 2012 |
| 082 | 0 | 0 |
_a621.042 _223 _bCAP 2012 |
| 100 | 1 |
_aCapehart, B. L. _q(Barney L.) |
|
| 245 | 1 | 0 |
_aGuide to energy management / _cby Barney L. Capehart, Wayne C. Turner, William J. Kennedy. |
| 250 | _a7th ed. | ||
| 260 |
_aLilburn, GA : _bFairmont Press ; _aBoca Raton, FL : _bDistributed by Taylor & Francis, _cc2012. |
||
| 300 |
_aviii, 651 p. : _bill. ; _c24 cm. |
||
| 504 | _aIncludes bibliographical references and index. | ||
| 650 | 0 |
_aEnergy conservation _vHandbooks, manuals, etc. |
|
| 650 | 0 |
_aEnergy consumption _vHandbooks, manuals, etc. |
|
| 700 | 1 |
_aTurner, Wayne C., _d1942- |
|
| 700 | 1 |
_aKennedy, William J., _d1938- |
|
| 906 |
_a7 _bcbc _corignew _d1 _eecip _f20 _gy-gencatlg |
||
| 942 |
_2ddc _cBK |
||
| 999 |
_c355222 _d355222 |
||